La conservation de monuments d´art & d´histoire = The conservation of artistics & historical monuments (Record no. 7797)

MARC details
000 -CABECERA
campo de control de longitud fija 00795nam a2200217 a 4500
001 - NÚMERO DE CONTROL
campo de control BRCA_8129
005 - FECHA Y HORA DE LA ÚLTIMA TRANSACCIÓN
campo de control 20190320210138.0
008 - DATOS DE LONGITUD FIJA--INFORMACIÓN GENERAL
campo de control de longitud fija 110414s--------fr-a###f##---#000-0#fre-#
041 ## - CÓDIGO DE LENGUA
Código de lengua del texto/banda sonora o título independiente fre
044 ## - CÓDIGO DEL PAÍS DE LA ENTIDAD EDITORA/PRODUCTORA
Código MARC del país fr
050 #4 - SIGNATURA TOPOGRÁFICA DE LA BIBLIOTECA DEL CONGRESO
Número de clasificación N8558.5
Número de documento/Ítem .C755
245 10 - MENCIÓN DE TÍTULO
Título La conservation de monuments d´art & d´histoire = The conservation of artistics & historical monuments
Mención de responsabilidad, etc. L´Instituto de Coòperation Intellectuelle.
260 ## - PUBLICACIÓN, DISTRIBUCIÓN, ETC.
Lugar de publicación, distribución, etc. Francia
Nombre del editor, distribuidor, etc. L´Instituto de Coòperation Intellectuelle
Fecha de publicación, distribución, etc. (sin fecha)
300 ## - DESCRIPCIÓN FÍSICA
Extensión 487 p.
Otras características físicas il.
Dimensiones 25 cm.
500 ## - NOTA GENERAL
Nota general Y207
610 24 - PUNTO DE ACCESO ADICIONAL DE MATERIA--NOMBRE DE ENTIDAD CORPORATIVA
Nombre de entidad corporativa o nombre de jurisdicción como elemento de entrada Office International des Musées
Subdivisión geográfica Francia
9 (RLIN) 20242
650 14 - PUNTO DE ACCESO ADICIONAL DE MATERIA--TÉRMINO DE MATERIA
Término de materia o nombre geográfico como elemento de entrada Monumentos artísticos
Subdivisión de forma Conservación y restauración
Subdivisión geográfica Francia
9 (RLIN) 20243
650 14 - PUNTO DE ACCESO ADICIONAL DE MATERIA--TÉRMINO DE MATERIA
Término de materia o nombre geográfico como elemento de entrada Arte
Subdivisión de forma Conservación y restauración
Subdivisión geográfica Francia
9 (RLIN) 20244
902 ## - CATALOGADOR
Iniciales GFM
942 ## - ELEMENTOS DE PUNTO DE ACCESO ADICIONAL (KOHA)
Fuente del sistema de clasificación o colocación Library of Congress Classification
Tipo de ítem Koha Libros
Holdings
Estado de retiro Estado de pérdida Estado dañado No para préstamo Localización permanente Ubicación/localización actual Fecha de adquisición Número de inventario Total de préstamos Signatura topográfica completa Código de barras Fecha visto por última vez Precio válido a partir de Tipo de ítem Koha
El ejemplar forma parte de la colección y puede ser consultado según las políticas vigentes.       Biblioteca del Museo Franz Mayer (Rogerio Casas-Alatriste) Biblioteca del Museo Franz Mayer (Rogerio Casas-Alatriste) 11/04/2014 Y207   N8558.5 .C755 (Y207) 8753 22/03/2019 22/03/2019 Libros